|
|
|
|
| LEADER |
02326nam a2200565 i 4500 |
| 001 |
nkc20223430492 |
| 003 |
CZ PrNK |
| 005 |
20221129130648.0 |
| 007 |
ta |
| 008 |
220628s2022 xr a e f 000 0 cze |
| 015 |
|
|
|a cnb003430492
|
| 020 |
|
|
|a 978-80-262-1923-1
|q (brožováno)
|
| 035 |
|
|
|a (OCoLC)1354196232
|
| 040 |
|
|
|a ABA001
|b cze
|d BOA001
|e rda
|
| 041 |
1 |
|
|a cze
|h eng
|
| 072 |
|
7 |
|a 373.2/.3
|x Předškolní a primární výchova a vzdělávání
|2 Konspekt
|9 22
|
| 080 |
|
|
|a 316.77:81'42
|2 MRF
|
| 080 |
|
|
|a 81:371.382
|2 MRF
|
| 080 |
|
|
|a 376-056.264-021.67
|2 MRF
|
| 080 |
|
|
|a 37.015.311-053.2
|2 MRF
|
| 080 |
|
|
|a (072)
|2 MRF
|
| 100 |
1 |
|
|a Plummer, Deborah,
|d 1957-
|7 hka2010609883
|4 aut
|
| 240 |
1 |
0 |
|a Helping children to improve their communication skills.
|l Česky
|
| 245 |
1 |
0 |
|a Hry pro rozvoj komunikačních schopností u dětí 4-11 let /
|c Deborah M. Plummer ; z anglického originálu Helping children to improve their communication skills přeložila Eva Klimentová
|
| 246 |
1 |
8 |
|a Hry pro rozvoj komunikačních schopností
|
| 250 |
|
|
|a Vydání první
|
| 264 |
|
1 |
|a Praha :
|b Portál,
|c 2022
|
| 300 |
|
|
|a 175 stran :
|b ilustrace ;
|c 21 cm
|
| 336 |
|
|
|a text
|b txt
|2 rdacontent
|
| 337 |
|
|
|a bez média
|b n
|2 rdamedia
|
| 338 |
|
|
|a svazek
|b nc
|2 rdacarrier
|
| 504 |
|
|
|a Obsahuje bibliografii
|
| 650 |
0 |
7 |
|a komunikační dovednosti
|7 ph180925
|2 czenas
|
| 650 |
0 |
7 |
|a jazykové hry
|7 ph175735
|2 czenas
|
| 650 |
0 |
7 |
|a logopedická prevence
|7 ph980751
|2 czenas
|
| 650 |
0 |
7 |
|a výchova dítěte
|7 ph127420
|2 czenas
|
| 650 |
0 |
9 |
|a communication skills
|2 eczenas
|
| 650 |
0 |
9 |
|a language games
|2 eczenas
|
| 650 |
0 |
9 |
|a preventing speech and language disorders
|2 eczenas
|
| 650 |
0 |
9 |
|a child rearing
|2 eczenas
|
| 655 |
|
7 |
|a metodické příručky
|7 fd132826
|2 czenas
|
| 655 |
|
9 |
|a methodological manuals
|2 eczenas
|
| 700 |
1 |
|
|a Klimentová, Eva,
|d 1962-
|7 js20020304030
|4 trl
|
| 910 |
2 |
|
|a BOA001
|b 2-1495.414
|
| 990 |
|
|
|a BK
|
| 995 |
|
|
|a 01
|
| 991 |
|
|
|b 202210
|c NOV
|
| 996 |
6 |
|
|b 2610919038
|c 2-1495.414
|l MZK
|r Sklad / do 1 hodiny
|n 2
|p p.v.
|w 001903123
|u 000010
|a 1
|e BOA001
|j MZK50
|s P
|
| 996 |
7 |
|
|b 2610919924
|c 2-1495.414
|l Vol.výběr
|r VV 0p
|n 11
|p kup
|h 373.2/.3 PLU
|w 001903123
|u 000020
|a 0
|e BOA001
|j MZK50
|s A
|
| 996 |
7 |
|
|b 2610919925
|c 2-1495.414
|l Vol.výběr
|r VV 0p
|n 8
|p kup
|h 373.2/.3 PLU
|w 001903123
|u 000030
|a 0
|e BOA001
|j MZK50
|s A
|